Premier League 2022/23 Players by Name - J - Statistics

General Stats
  • This quiz has been taken 79 times
  • The average score is 13 of 17
Answer Stats
Club Nation Position Player % Correct
Liverpool Portugal FW Diogo Jota
98%
Arsenal Brazil FW Gabriel Jesus
95%
Liverpool England MF Curtis Jones
91%
Manchester United England DF Phil Jones
91%
Wolves Mexico FW Raul Jimenez
91%
West Ham United England DF Ben Johnson
90%
Leeds United Wales FW Daniel James
90%
Arsenal Italy MF Jorginho
90%
Chelsea England DF Reece James
90%
Nottingham Forest Wales FW Brennan Johnson
86%
Brentford Denmark MF Mathias Jensen
66%
Leicester City England DF James Justin
53%
Brentford Sweden DF Pontus Jansson
53%
Brentford Germany MF Vitaly Janelt
53%
Wolves Spain DF Jonny
50%
Crystal Palace England GK Sam Johnstone
45%
Brentford Denmark DF Mathias Jorgensen
36%
No matching quizzes found
Score Distribution
Percent of People with Each Score
Percentile by Number Answered
Your Score History
You have not taken this quiz